L'Église et l'État / (Registro nro. 157261)

Detalles MARC
000 -LEADER
campo de control de longitud fija 00608nam a2200181 i 4500
001 - NÚMERO DE CONTROL
campo de control 157261
003 - IDENTIFICADOR DE NÚMERO DE CONTROL
campo de control ES-MaACL
005 - FECHA Y HORA DE LA ÚLTIMA TRANSACCIÓN
campo de control 20250831023859.0
008 - DATOS DE LONGITUD FIJA--INFORMACIÓN GENERAL
campo de control de longitud fija 040817s1865 fr |||| | fre d
100 1# - ENTRADA PRINCIPAL--NOMBRE DE PERSONA
Nombre de persona Laurent, François,
Fechas asociadas al nombre 1810-1887
9 (RLIN) 128741
245 12 - MENCIÓN DEL TÍTULO
Título L'Église et l'État /
Mención de responsabilidad, etc. par F. Laurent.
250 ## - MENCION DE EDICION
Mención de edición 2e éd. entiêr. ref.
260 ## - PUBLICACIÓN, DISTRIBUCIÓN, ETC.
Lugar de publicación, distribución, etc. Paris :
Nombre del editor, distribuidor, etc. Librairie Internationale A. Lacroix, Verboeckhoven et Cie.,
Fecha de publicación, distribución, etc. 1865.
300 ## - DESCRIPCIÓN FÍSICA
Extensión 2 v. (445 ; 391 p.) ;
Dimensiones 19 cm.
650 07 - PUNTO DE ACCESO ADICIONAL DE MATERIA--TÉRMINO DE MATERIA
Término de materia o nombre geográfico como elemento de entrada Iglesia y Estado
Fuente del encabezamiento o término embne
9 (RLIN) 13554
852 ## - LOCALIZACIÓN
Ubicación ES-MaACL
Número de control de estantería D-4652-53
Nota libre . - Enc. hol.
Existencias
Estatus retirado Estado de pérdida Estado de daño No para préstamo Colección Biblioteca de origen Biblioteca actual Ubicación en estantería Fecha de adquisición Fuente de adquisición Total de préstamos Signatura topográfica completa Código de barras Visto por última vez Precio de reemplazo Tipo de ítem Koha
        Libros del s. XIX Biblioteca del Ateneo de Madrid Biblioteca del Ateneo de Madrid Sala Valle Inclán 17/01/2008     D-4652-53 901164563 23/02/2023 23/02/2023 Libro impreso antiguo